000 00708nam a2200289Ia 4500
005 20260324134349.0
008 008 260324s9999 xx 000 0 eng d
020 _a9780138748104
037 _aEBOOK
040 _aCRL
040 _beng
040 _cCRL
041 _2eng
041 _aeng
084 _qCRL
100 _aD. Féron
_91196533
245 0 _aMarine Corrosion of Stainless Steels
245 0 _bTesting, Selection, Experience, Protection and Monitoring
260 _bTaylor and Francis
260 _c2002
365 _a
365 _b385
856 _uhttp://www.taylorfrancis.com/books/9780138748104
942 _cEBOOK
999 _c1796556
_d1796556